Microwave Differential Circuit Design With CD (Record no. 299520)

000 -LEADER
fixed length control field 00315 a2200121 4500
001 - CONTROL NUMBER
control field 64447
082 ## - DEWEY DECIMAL CLASSIFICATION NUMBER
Classification number 621.38132 EIS
090 ## - LOCALLY ASSIGNED LC-TYPE CALL NUMBER (OCLC); LOCAL CALL NUMBER (RLIN)
-- 38069
-- 38069
100 ## - MAIN ENTRY--PERSONAL NAME
Personal name Eisenstadt.W.R
245 ## - TITLE STATEMENT
Title Microwave Differential Circuit Design With CD
Medium English
260 ## - PUBLICATION, DISTRIBUTION, ETC.
Place of publication, distribution, etc. Bosten
Name of publisher, distributor, etc. Artech House
Date of publication, distribution, etc. 2006
300 ## - PHYSICAL DESCRIPTION
Extent xvi, 226p.
942 ## - ADDED ENTRY ELEMENTS (KOHA)
Institution code [OBSOLETE] CAE NUST
Call number prefix 621.38132 EIS
Holdings
Withdrawn status Lost status Damaged status Not for loan Collection code Permanent Location Current Location Date acquired Total Checkouts Full call number Barcode Date last seen Price effective from Koha item type
          College of Aeronautical Engineering (CAE) College of Aeronautical Engineering (CAE) 04/03/2017   621.38132 EIS CAEN-4156 04/05/2017 04/05/2017 Book
© 2023 Central Library, National University of Sciences and Technology. All Rights Reserved.